| 000 | 00408nam a22001697a 4500 | ||
|---|---|---|---|
| 003 | MACL | ||
| 005 | 20150908120038.0 | ||
| 008 | 150908b xxu||||| |||| 00| 0 eng d | ||
| 040 | _cMACL | ||
| 041 | _aEnglish | ||
| 082 | _a820.03/ANA | ||
| 100 |
_aParo Anand _99155 |
||
| 245 | _aNo Guns At My Son's Funeral | ||
| 260 |
_aNoida _bRoli Books _c2005 |
||
| 650 |
_aEnglish Literature _9927 |
||
| 942 |
_2ddc _cBK |
||
| 999 |
_c50274 _d50274 |
||